[Event "GER-chT Lands U20"]
[Site "Hannover"]
[Date "2015.10.04"]
[Round "3.5"]
[White "Riedel, Erich"]
[Black "Karsay, Pascal"]
[Result "0-1"]
[WhiteElo "1758"]
[BlackElo "2003"]
[PlyCount "70"]
[EventDate "2015.10.03"]
[EventType "team-swiss"]
[EventRounds "7"]
[EventCountry "GER"]
[SourceTitle "CBM 168 Extra"]
[Source "ChessBase"]
[SourceDate "2015.10.29"]
[SourceVersion "1"]
[SourceVersionDate "2015.10.29"]
[SourceQuality "1"]
[WhiteTeam "Thueringen (U20)"]
[BlackTeam "Rheinland Pfalz (U20)"]
[WhiteTeamCountry "GER"]
[BlackTeamCountry "GER"]

1. Nc3 c5 2. d3 Nc6 3. g3 g6 4. Bg2 Bg7 5. Bd2 d6 6. e4 Bd7 7. Nf3 Rb8 8. a4 a6 9. Rb1 b5 10. axb5 axb5 11. Ne2 Qc8 12. Bc3 e5 13. b3 Nge7 14. 0-0 0-0 15. Bb2 f5 16. Nd2 Be6 17. Kh1 Qd7 18. exf5 gxf5 19. f4 Nd5 20. Bxd5 Bxd5+ 21. Kg1 Bf7 22. Nf3 Rbe8 23. Ne1 Bh5 24. fxe5 dxe5 25. Qd2 Qd6 26. Ng2 Bh6 27. Qe1 f4 28. Nc1 f3 29. Ne3 Nd4 30. Qf2 Ne2+ 31. Kh1 Bxe3 32. Qxe3 f2 33. g4 Qc6+ 34. Qe4 Qxe4+ 35. dxe4 Bxg4 0-1

[Event "GER-ch U14"]
[Site "Willingen"]
[Date "2015.05.29"]
[Round "8"]
[White "Riedel, Erich"]
[Black "Hinrichs, Niklas"]
[Result "1/2-1/2"]
[WhiteElo "1754"]
[BlackElo "1765"]
[PlyCount "41"]
[EventDate "2015.05.24"]
[EventType "swiss"]
[EventRounds "9"]
[EventCountry "GER"]
[SourceTitle "CBM 166 Extra"]
[Source "ChessBase"]
[SourceDate "2015.06.18"]
[SourceVersion "1"]
[SourceVersionDate "2015.06.18"]
[SourceQuality "1"]

1. e4 c5 2. Nf3 d6 3. d4 cxd4 4. Nxd4 Nf6 5. Nc3 a6 6. h3 e6 7. g4 Qc7 8. Bg2 Be7 9. 0-0 Nc6 10. Nde2 b5 11. b3 Bb7 12. Bb2 Ne5 13. Ng3 Qc5 14. Kh2 0-0 15. Qd2 Rac8 16. Rac1 Rfd8 17. f4 Ng6 18. Nce2 Qc7 19. g5 Ne8 20. Qe3 Qb8 21. Rfd1 1/2-1/2

[Event "GER-ch U14"]
[Site "Willingen"]
[Date "2015.05.27"]
[Round "6"]
[White "Riedel, Erich"]
[Black "Toptschiev, David"]
[Result "1/2-1/2"]
[WhiteElo "1754"]
[BlackElo "1801"]
[PlyCount "86"]
[EventDate "2015.05.24"]
[EventType "swiss"]
[EventRounds "9"]
[EventCountry "GER"]
[SourceTitle "CBM 166 Extra"]
[Source "ChessBase"]
[SourceDate "2015.06.18"]
[SourceVersion "1"]
[SourceVersionDate "2015.06.18"]
[SourceQuality "1"]

1. e4 c5 2. Nf3 Nc6 3. d4 cxd4 4. Nxd4 g6 5. Nc3 Bg7 6. Be3 Nf6 7. Bc4 0-0 8. Bb3 d6 9. f3 Bd7 10. 0-0 a5 11. Ndb5 Ne5 12. Qe2 h5 13. a4 Kh7 14. Qf2 Bc6 15. Bb6 Qd7 16. Nc7 Rac8 17. N3d5 Bxd5 18. Nxd5 Nxd5 19. exd5 Nc4 20. c3 Nxb6 21. Qxb6 Rc5 22. Rad1 Ra8 23. Bc2 Bf6 24. Rfe1 Kg7 25. Re2 Ra6 26. Qb3 Qc7 27. Bd3 Ra8 28. Bb5 h4 29. Kh1 Rh8 30. Rd3 Rh5 31. Qd1 Qc8 32. c4 Qc7 33. b3 Qb6 34. Re1 Rc7 35. Re2 Re5 36. Qe1 Rxe2 37. Qxe2 Qc5 38. g3 hxg3 39. hxg3 Rc8 40. Bd7 Rh8+ 41. Kg2 Qa3 42. f4 Qa1 43. Rd1 Qa3 1/2-1/2

[Event "GER-ch U14"]
[Site "Willingen"]
[Date "2015.05.25"]
[Round "3"]
[White "Gungl, Theo"]
[Black "Riedel, Erich"]
[Result "1/2-1/2"]
[WhiteElo "2103"]
[BlackElo "1754"]
[PlyCount "40"]
[EventDate "2015.05.24"]
[EventType "swiss"]
[EventRounds "9"]
[EventCountry "GER"]
[SourceTitle "CBM 166 Extra"]
[Source "ChessBase"]
[SourceDate "2015.06.18"]
[SourceVersion "1"]
[SourceVersionDate "2015.06.18"]
[SourceQuality "1"]

1. e4 e6 2. d4 d5 3. Nd2 Nf6 4. e5 Nfd7 5. Bd3 c5 6. c3 Nc6 7. Ne2 cxd4 8. cxd4 f6 9. exf6 Nxf6 10. Nf3 Bd6 11. 0-0 0-0 12. Bf4 Bxf4 13. Nxf4 Ng4 14. g3 g5 15. Ng2 Qf6 16. Be2 Nh6 17. Ne3 Nf5 18. Nxf5 exf5 19. Ne5 Nxe5 20. dxe5 Qxe5 1/2-1/2

[Event "GER-chT Lands U20"]
[Site "Hannover"]
[Date "2013.10.05"]
[Round "6.6"]
[White "Riedel, Erich"]
[Black "Bureik, Nicolas"]
[Result "1/2-1/2"]
[WhiteElo "1606"]
[BlackElo "1299"]
[PlyCount "48"]
[EventDate "2013.10.02"]
[EventType "team-swiss"]
[EventRounds "7"]
[EventCountry "GER"]
[SourceTitle "EXT 2014"]
[Source "ChessBase"]
[SourceDate "2013.11.20"]
[SourceVersion "1"]
[SourceVersionDate "2013.11.20"]
[SourceQuality "1"]
[WhiteTeam "Thueringen"]
[BlackTeam "Saarland"]
[WhiteTeamCountry "GER"]
[BlackTeamCountry "SAA"]

1. e4 d5 2. exd5 Qxd5 3. Nc3 Qd6 4. d4 Nf6 5. Nf3 a6 6. g3 Bg4 7. h3 Bh5 8. Bg2 c6 9. 0-0 e6 10. a3 Qc7 11. g4 Bg6 12. Ne5 Bd6 13. Re1 Nbd7 14. f4 0-0-0 15. Be3 Rdf8 16. Qd2 Ne8 17. Ne4 Be7 18. Nf2 f6 19. Nxg6 hxg6 20. Nd3 Bd6 21. Bf2 e5 22. dxe5 fxe5 23. fxe5 Nxe5 24. Nxe5 Bxe5 1/2-1/2

[Event "GER-chT Lands U20"]
[Site "Hannover"]
[Date "2013.10.03"]
[Round "2.6"]
[White "Riedel, Erich"]
[Black "Schnabel, Bennett"]
[Result "1/2-1/2"]
[WhiteElo "1606"]
[BlackElo "1651"]
[PlyCount "47"]
[EventDate "2013.10.02"]
[EventType "team-swiss"]
[EventRounds "7"]
[EventCountry "GER"]
[SourceTitle "EXT 2014"]
[Source "ChessBase"]
[SourceDate "2013.11.20"]
[SourceVersion "1"]
[SourceVersionDate "2013.11.20"]
[SourceQuality "1"]
[WhiteTeam "Thueringen"]
[BlackTeam "Berlin"]
[WhiteTeamCountry "GER"]
[BlackTeamCountry "GER"]

1. e4 c5 2. Nf3 g6 3. d4 cxd4 4. Nxd4 Bg7 5. c4 Nc6 6. Be3 d6 7. Nc3 Nf6 8. Be2 0-0 9. 0-0 Bd7 10. f3 Ne5 11. Qd2 a6 12. b3 Rc8 13. Rac1 Nc6 14. Rfd1 Nxd4 15. Bxd4 Bc6 16. Be3 Nd7 17. Nd5 Bxd5 18. exd5 Qc7 19. Bd3 Qb8 20. Qf2 Nc5 21. Bf1 Rc7 22. Qc2 Rfc8 23. Qe2 Nd7 24. g3 1/2-1/2

[Event "GER-ch U12"]
[Site "Oberhof"]
[Date "2013.05.25"]
[Round "11"]
[White "Riedel, Erich"]
[Black "Zienert, Richard"]
[Result "1/2-1/2"]
[WhiteElo "1767"]
[BlackElo "1846"]
[PlyCount "44"]
[EventDate "2013.05.19"]
[EventType "swiss"]
[EventRounds "11"]
[EventCountry "GER"]
[SourceTitle "CBM 154 Extra"]
[Source "ChessBase"]
[SourceDate "2013.06.25"]
[SourceVersion "2"]
[SourceVersionDate "2013.06.25"]
[SourceQuality "1"]

1. e4 c5 2. Nf3 d6 3. d4 cxd4 4. Nxd4 Nf6 5. Nc3 a6 6. f4 e6 7. Be3 b5 8. Qf3 Bb7 9. Bd3 Nbd7 10. g4 Nc5 11. g5 Nfd7 12. 0-0-0 Qa5 13. Kb1 Na4 14. Nce2 Qc7 15. Rhf1 Ndb6 16. f5 e5 17. Nb3 Nc4 18. Bc1 a5 19. g6 hxg6 20. fxg6 f6 21. Rf2 Bc8 22. Ng3 Nab6 1/2-1/2

[Event "GER-ch U12"]
[Site "Oberhof"]
[Date "2013.05.22"]
[Round "7"]
[White "Riedel, Erich"]
[Black "Perekhozhuk, Maksym"]
[Result "1/2-1/2"]
[WhiteElo "1767"]
[BlackElo "1749"]
[PlyCount "47"]
[EventDate "2013.05.19"]
[EventType "swiss"]
[EventRounds "11"]
[EventCountry "GER"]
[SourceTitle "CBM 154 Extra"]
[Source "ChessBase"]
[SourceDate "2013.06.25"]
[SourceVersion "2"]
[SourceVersionDate "2013.06.25"]
[SourceQuality "1"]

1. e4 c5 2. Nf3 d6 3. d4 cxd4 4. Nxd4 Nf6 5. Nc3 g6 6. Be3 Bg7 7. f3 0-0 8. Qd2 Nc6 9. 0-0-0 d5 10. Kb1 Nxd4 11. e5 Nxf3 12. gxf3 Nh5 13. Nxd5 Be6 14. f4 Rc8 15. Be2 Bf5 16. Nc3 Qc7 17. Rhg1 h6 18. Bxh5 gxh5 19. Qg2 Bg6 20. f5 Qxe5 21. Rd5 Qxe3 22. fxg6 Qe6 23. gxf7+ Rxf7 24. Rxh5 1/2-1/2

[Event "GER-ch U12"]
[Site "Oberhof"]
[Date "2013.05.20"]
[Round "3"]
[White "Riedel, Erich"]
[Black "Buermann, Theresia"]
[Result "1-0"]
[WhiteElo "1767"]
[BlackElo "1187"]
[PlyCount "73"]
[EventDate "2013.05.19"]
[EventType "swiss"]
[EventRounds "11"]
[EventCountry "GER"]
[SourceTitle "CBM 154 Extra"]
[Source "ChessBase"]
[SourceDate "2013.06.25"]
[SourceVersion "2"]
[SourceVersionDate "2013.06.25"]
[SourceQuality "1"]

1. e4 e5 2. Nf3 Nc6 3. d4 exd4 4. Nxd4 Bc5 5. Be3 Qf6 6. c3 Nge7 7. Bc4 Ne5 8. Be2 Qg6 9. Bf3 0-0 10. g3 d6 11. Bg2 Rd8 12. 0-0 c6 13. b3 Qf6 14. h3 Be6 15. f4 Qg6 16. f5 Qxg3 17. Bf2 Qg5 18. fxe6 Rf8 19. Nd2 Qf6 20. Be3 Qg6 21. exf7+ Nxf7 22. Qg4 Rad8 23. Qxg6 Nxg6 24. Rae1 Rfe8 25. b4 Bb6 26. Nc4 Bc7 27. Nf5 b5 28. Nd2 a5 29. a3 h6 30. Bd4 Nge5 31. Nf3 g6 32. N5h4 Kh7 33. Nxe5 Nxe5 34. Bxe5 g5 35. Rf7+ Kg8 36. Rg7+ Kf8 37. Ng6# 1-0

[Event "GER-ch U12"]
[Site "Oberhof"]
[Date "2013.05.19"]
[Round "1"]
[White "Riedel, Erich"]
[Black "Weiten, Teresa"]
[Result "1-0"]
[WhiteElo "1767"]
[BlackElo "995"]
[PlyCount "93"]
[EventDate "2013.05.19"]
[EventType "swiss"]
[EventRounds "11"]
[EventCountry "GER"]
[SourceTitle "CBM 154 Extra"]
[Source "ChessBase"]
[SourceDate "2013.06.25"]
[SourceVersion "2"]
[SourceVersionDate "2013.06.25"]
[SourceQuality "1"]

1. e4 e5 2. Nf3 Nc6 3. d4 exd4 4. Nxd4 Bc5 5. Be3 Qf6 6. c3 Nge7 7. Bc4 d6 8. 0-0 Bd7 9. Nxc6 Nxc6 10. Bxc5 dxc5 11. f3 0-0 12. Qxd7 Ne5 13. Qb5 c6 14. Qb3 b5 15. Be2 c4 16. Qc2 Ng6 17. g3 Rad8 18. b3 cxb3 19. axb3 Rd7 20. Nd2 Rfd8 21. Rfd1 Qg5 22. Nf1 Nf4 23. Rxd7 Rxd7 24. Kh1 Nh3 25. Qc1 Qc5 26. Qe3 Qe5 27. Rxa7 Rxa7 28. Qxa7 g5 29. Qd4 Qe6 30. Kg2 h5 31. Ne3 g4 32. fxg4 Ng5 33. Qd8+ Kh7 34. Qxg5 Qxe4+ 35. Kf2 hxg4 36. Qf5+ Qxf5+ 37. Nxf5 Kg6 38. Bxg4 Kg5 39. Kf3 Kf6 40. h4 Kg6 41. h5+ Kh7 42. h6 c5 43. Bh5 f6 44. Bf7 b4 45. cxb4 cxb4 46. Ke4 Kh8 47. Kd4 1-0

[Event "GER-ch U25 op-B"]
[Site "Oberhof"]
[Date "2012.05.29"]
[Round "5"]
[White "Riedel, Erich"]
[Black "Hoppe, Michael"]
[Result "1/2-1/2"]
[WhiteElo "1276"]
[BlackElo "1426"]
[PlyCount "46"]
[EventDate "2012.05.27"]
[EventType "swiss"]
[EventRounds "9"]
[EventCountry "GER"]
[SourceTitle "CBM 148 Extra"]
[Source "ChessBase"]
[SourceDate "2012.06.22"]
[SourceVersion "1"]
[SourceVersionDate "2012.06.22"]
[SourceQuality "1"]

1. c4 e5 2. Nc3 Nf6 3. g3 Bc5 4. Bg2 c6 5. e4 d6 6. Nge2 Be6 7. d3 d5 8. b3 dxc4 9. dxc4 Qxd1+ 10. Nxd1 0-0 11. Bb2 Bb4+ 12. Ndc3 c5 13. 0-0 Nc6 14. Nd5 Bxd5 15. exd5 Nd4 16. Nxd4 cxd4 17. Rad1 Nd7 18. Bh3 Rad8 19. f4 f6 20. a3 Bd6 21. fxe5 fxe5 22. Rxf8+ Nxf8 23. b4 b6 1/2-1/2

[Event "GER-ch U25 op-B"]
[Site "Oberhof"]
[Date "2012.05.28"]
[Round "3"]
[White "Riedel, Erich"]
[Black "Petersen, Marcel"]
[Result "0-1"]
[WhiteElo "1276"]
[BlackElo "1494"]
[PlyCount "52"]
[EventDate "2012.05.27"]
[EventType "swiss"]
[EventRounds "9"]
[EventCountry "GER"]
[SourceTitle "CBM 148 Extra"]
[Source "ChessBase"]
[SourceDate "2012.06.22"]
[SourceVersion "1"]
[SourceVersionDate "2012.06.22"]
[SourceQuality "1"]

1. e4 e5 2. Nf3 Nc6 3. Bc4 Bc5 4. c3 Nf6 5. d3 h6 6. h3 0-0 7. 0-0 d5 8. exd5 Nxd5 9. Re1 Re8 10. b4 Bb6 11. Qb3 Be6 12. Nxe5 Bxf2+ 13. Kxf2 Nxe5 14. Qd1 Qh4+ 15. g3 Qf6+ 16. Kg2 Nxc4 17. dxc4 Nxc3 18. Nxc3 Qxc3 19. Bd2 Qxc4 20. a3 Rad8 21. Kh2 Qd3 22. Bf4 Qc3 23. Qb1 Bd5 24. Rd1 Re2+ 25. Kg1 Rg2+ 26. Kf1 Qf3+ 0-1